Najpopularniejsze imiona męskie na każdą literę A-Z - Statystyki

Ogólne statystyki
  • Ten quiz został rozwiązany 4 717 razy
  • Średni wynik to 8 z 22
Statystyki odpowiedzi
Pierwsza litera Imię % Poprawnych
B Bartosz
73%
Ł Łukasz
60%
A Andrzej
57%
J Jan
56%
C Czesław
54%
G Grzegorz
51%
P Piotr
51%
D Dariusz
47%
F Filip
45%
H Henryk
41%
I Igor
40%
M Michał
39%
K Krzysztof
38%
T Tomasz
36%
E Edward
30%
S Stanisław
30%
N Nikodem
23%
Z Zbigniew
23%
O Oskar
19%
R Rafał
18%
L Leszek
11%
W Wiesław
11%
Nie znaleziono quizów pasujących do podanych kryteriów
Rozkład punktacji
Procent ludzi z każdym wynikiem
Percentyl według liczby udzielonych odpowiedzi
Twoja historia wyników
Nie rozwiązałeś tego quizu